[Event "XVII Festival A"]
[Site "Campobasso ITA"]
[Date "2010.07.23"]
[Round "2"]
[White "Mazza, Daniele"]
[Black "Gerardi, Saverio"]
[Result "0-1"]
[WhiteElo "1836"]
[BlackElo "2193"]
[PlyCount "60"]
[EventDate "2010.07.23"]

1. e4 c5 2. Nc3 Nc6 3. g3 e6 4. Bg2 Qc7 5. d3 a6 6. f4 d6 7. Nf3 Nf6 8. O-O Be7
9. h3 h5 10. Be3 Bd7 11. Ng5 g6 12. Ne2 O-O 13. f5 Nh7 14. Nxh7 Kxh7 15. f6 Bd8
16. Nf4 Bxf6 17. Nxh5 Bd4 18. Bxd4 Nxd4 19. Nf6+ Kg7 20. c3 Nc6 21. Nxd7 Qxd7
22. h4 Qd8 23. d4 cxd4 24. cxd4 Qb6 25. Qf3 Qxd4+ 26. Rf2 f5 27. Qb3 fxe4 28.
Qxb7+ Kg8 29. Raf1 Rxf2 30. Qxa8+ Rf8+ 0-1

[Event "XVII Festival A"]
[Site "Campobasso ITA"]
[Date "2010.07.23"]
[Round "2"]
[White "Radice, Mario"]
[Black "Arbore, Daniele"]
[Result "0-1"]
[WhiteElo "1917"]
[BlackElo "1374"]
[PlyCount "52"]
[EventDate "2010.07.23"]

1. e4 e5 2. Nf3 Nc6 3. Bb5 a6 4. Bxc6 dxc6 5. O-O Nf6 6. d3 Bg4 7. h3 Bh5 8.
Nbd2 Be7 9. Nc4 Bd6 10. g4 Nxg4 11. hxg4 Bxg4 12. Bg5 f6 13. Bh4 g5 14. Bg3 h5
15. Ne3 Be6 16. Kg2 Qd7 17. Rh1 O-O-O 18. Ng1 h4 19. Bh2 Rdg8 20. f3 g4 21.
fxg4 f5 22. exf5 Bxf5 23. Nxf5 Qxf5 24. Kh3 Qe6 25. Qf3 Rh5 26. Ne2 Bc5 0-1

[Event "XVII Festival A"]
[Site "Campobasso ITA"]
[Date "2010.07.23"]
[Round "2"]
[White "Rusev, Krasimir"]
[Black "Altini, Nicola"]
[Result "1-0"]
[WhiteElo "2543"]
[BlackElo "2120"]
[PlyCount "97"]
[EventDate "2010.07.23"]

1. d4 d5 2. c4 c6 3. Bf4 Nf6 4. e3 Bf5 5. Nc3 e6 6. Qb3 Qb6 7. c5 Qxb3 8. axb3
Nbd7 9. h3 a6 10. b4 Rc8 11. Nf3 h6 12. Nd2 Be7 13. Nb3 Bd8 14. Na5 Bxa5 15.
bxa5 O-O 16. f3 Rfe8 17. Kd2 e5 18. Bh2 Nh7 19. Ra4 f6 20. Rb4 Rb8 21. Be2 Re7
22. Ra1 Rbe8 23. Rxb7 exd4 24. exd4 Nxc5 25. Rb4 Ne6 26. Bxa6 c5 27. dxc5 Nxc5
28. Bb5 Rd8 29. Na4 Nb7 30. a6 Na5 31. Bg1 Nc4+ 32. Kc3 Re2 33. Rc1 Rxg2 34. a7
Rg3 35. Rf1 Ne5 36. Nb6 Bxh3 37. Bh2 Rg6 38. Re1 Ng5 39. f4 Ngf3 40. fxe5 fxe5
41. Nxd5 Nxe1 42. Ne7+ Kf7 43. Nxg6 Kxg6 44. Bc6 Rd3+ 45. Kc4 Rd4+ 46. Kb5 Bf1+
47. Ka5 Rxb4 48. Kxb4 Nd3+ 49. Kc3 1-0

[Event "XVII Festival A"]
[Site "Campobasso ITA"]
[Date "2010.07.23"]
[Round "2"]
[White "Sabia, Corrado"]
[Black "Vena, Alessio"]
[Result "1-0"]
[WhiteElo "2212"]
[BlackElo "1900"]
[PlyCount "89"]
[EventDate "2010.07.23"]

1. c4 Nf6 2. g3 g6 3. Bg2 c5 4. Nc3 Bg7 5. a3 Nc6 6. Rb1 a5 7. d3 d6 8. e3 O-O
9. Nge2 e6 10. Qc2 Qe7 11. O-O Rd8 12. Bd2 d5 13. cxd5 exd5 14. Nb5 Be6 15.
Rbc1 Ne5 16. f4 Ned7 17. e4 dxe4 18. dxe4 a4 19. e5 Bb3 20. Qc3 Nb6 21. exf6
Qxe2 22. Rf2 Qxb5 23. fxg7 Nc4 24. Bf1 Rd4 25. f5 gxf5 26. Be3 Re4 27. Bg5 Qd7
28. Bd3 Rd4 29. Bxf5 Qd5 30. Bf6 Rd2 31. Rcf1 Re8 32. Bh3 Ree2 33. Rxe2 Rxe2
34. Qf3 Qxf3 35. Rxf3 Ne3 36. Bg5 Nd1 37. Rf1 Kxg7 38. Bg4 Rxb2 39. Bxd1 Ra2
40. Bf6+ Kg8 41. Re1 h6 42. Bh5 Be6 43. Rd1 Kh7 44. Rd8 Ra1+ 45. Bd1 1-0

[Event "XVII Festival A"]
[Site "Campobasso ITA"]
[Date "2010.07.23"]
[Round "2"]
[White "Santeramo, Domenico"]
[Black "Cordi', Domenico"]
[Result "1-0"]
[WhiteElo "1905"]
[BlackElo "2047"]
[PlyCount "63"]
[EventDate "2010.07.23"]

1. e4 Nf6 2. e5 Nd5 3. c4 Nb6 4. Nc3 d6 5. exd6 cxd6 6. d4 g6 7. h4 h5 8. Nh3
Bg7 9. Be3 Nc6 10. Qd2 Bf5 11. Bd3 Bxd3 12. Qxd3 Nb4 13. Qd1 O-O 14. a3 Nc6 15.
b3 e5 16. d5 Nd4 17. Bg5 Qd7 18. Ne4 f5 19. Nc3 Rae8 20. Ne2 Nxe2 21. Qxe2 f4
22. Qe4 Qf5 23. f3 Nd7 24. Qxf5 Rxf5 25. O-O Bf6 26. Rae1 Rb8 27. Bxf6 Nxf6 28.
Ng5 b5 29. Rb1 Ne8 30. Rfc1 Rf8 31. Ne4 Rf7 32. b4 1-0

[Event "XVII Festival A"]
[Site "Campobasso ITA"]
[Date "2010.07.24"]
[Round "3"]
[White "Aliberti, Emilio"]
[Black "Radice, Mario"]
[Result "1-0"]
[WhiteElo "1847"]
[BlackElo "1917"]
[PlyCount "104"]
[EventDate "2010.07.23"]

1. d4 Nf6 2. c4 g6 3. g3 d5 4. cxd5 Nxd5 5. Bg2 Bg7 6. Nc3 Nxc3 7. bxc3 c5 8.
e3 O-O 9. Ne2 Nc6 10. O-O cxd4 11. cxd4 Bf5 12. Ba3 Qd7 13. Nf4 Rfd8 14. Re1 e5
15. dxe5 Nxe5 16. Qb3 Rab8 17. Red1 Qe8 18. Bd6 b5 19. Bxb8 Rxd1+ 20. Rxd1 Qxb8
21. a4 Bg4 22. Rb1 Nf3+ 23. Bxf3 Bxf3 24. Qxb5 Qc8 25. Qb8 Qxb8 26. Rxb8+ Bf8
27. Rd8 Kg7 28. Rd7 a6 29. Ra7 g5 30. Ng2 Be2 31. f3 Bc5 32. Rc7 Bb4 33. Kf2
Bd1 34. Ne1 Bxa4 35. Rc4 a5 36. Nd3 Bb5 37. Rd4 Bxd3 38. Rxd3 Kf6 39. Rd5 h6
40. e4 Ke6 41. Ke3 f6 42. Rb5 Kd6 43. Rb6+ Kc5 44. Rxf6 a4 45. Kd3 a3 46. Rf5+
Kb6 47. Kc2 Bc5 48. Kb3 Kb5 49. f4 gxf4 50. gxf4 a2 51. Kxa2 Kc4 52. Rxc5+ Kxc5
1-0

[Event "XVII Festival A"]
[Site "Campobasso ITA"]
[Date "2010.07.24"]
[Round "3"]
[White "Altini, Nicola"]
[Black "Grasso, Nino"]
[Result "1-0"]
[WhiteElo "2120"]
[BlackElo "1942"]
[PlyCount "57"]
[EventDate "2010.07.23"]

1. Nf3 d5 2. c4 d4 3. d3 c5 4. g3 Nc6 5. Bg2 e5 6. e4 Nf6 7. O-O Be7 8. h3 O-O
9. Ne1 Ne8 10. f4 f5 11. exf5 Bxf5 12. g4 Bc8 13. f5 Nd6 14. Nd2 Qc7 15. Ne4 b6
16. Nxd6 Bxd6 17. Nf3 h6 18. Nh4 Bb7 19. Ng6 Rfe8 20. g5 e4 21. gxh6 Ne5 22.
h7+ Kxh7 23. Qh5+ Kg8 24. f6 Nf7 25. fxg7 Kxg7 26. Bg5 Re6 27. Rxf7+ Kxf7 28.
Rf1+ Ke8 29. Ne5+ 1-0

[Event "XVII Festival A"]
[Site "Campobasso ITA"]
[Date "2010.07.24"]
[Round "3"]
[White "Bottega, Antonio"]
[Black "Adriani, Vieri"]
[Result "0-1"]
[WhiteElo "1963"]
[BlackElo "2173"]
[PlyCount "79"]
[EventDate "2010.07.23"]

1. e4 d5 2. exd5 Qxd5 3. Nc3 Qa5 4. g3 c6 5. Bg2 Nf6 6. Nf3 Bf5 7. O-O Nbd7 8.
Re1 e6 9. d4 h5 10. Nh4 Bh7 11. Bd2 Qc7 12. d5 cxd5 13. Bf4 Qb6 14. Nxd5 Nxd5
15. Qxd5 Bc5 16. Qxb7 Bxf2+ 17. Kh1 Qxb7 18. Bxb7 Bxe1 19. Bxa8 Ke7 20. Rxe1
Rxa8 21. c4 Nc5 22. Kg1 Nd3 23. Re2 f6 24. Ng2 e5 25. b3 g5 26. Bd2 Kd6 27. Ne3
f5 28. Nd5 f4 29. Nf6 Bg6 30. Ne4+ Bxe4 31. Rxe4 Ke6 32. Bc3 Rd8 33. gxf4 gxf4
34. Kg2 Rg8+ 35. Kf3 Kf5 36. c5 Rg6 37. b4 h4 38. b5 h3 39. c6 Rg2 40. Be1 0-1

[Event "XVII Festival A"]
[Site "Campobasso ITA"]
[Date "2010.07.24"]
[Round "3"]
[White "Campanella, Giovanni"]
[Black "Cocchia, Umberto"]
[Result "1/2-1/2"]
[WhiteElo "1905"]
[BlackElo "1903"]
[PlyCount "68"]
[EventDate "2010.07.23"]

1. e4 d5 2. exd5 Nf6 3. Nc3 Nxd5 4. Nxd5 Qxd5 5. d4 Nc6 6. Nf3 Bg4 7. Be2 e6 8.
O-O O-O-O 9. Be3 Qd7 10. c3 Be7 11. a4 e5 12. a5 exd4 13. Nxd4 Bxe2 14. Qxe2
Bf6 15. Nxc6 Qxc6 16. Bxa7 Rhe8 17. Qg4+ Qe6 18. Qxe6+ Rxe6 19. Be3 Rd3 20. g3
Ra6 21. Ra3 Be7 22. Ra4 b6 23. Re4 Bf6 24. axb6 cxb6 25. Bd4 Bxd4 26. Rxd4 Rxd4
27. cxd4 Ra2 28. Rb1 Kd7 29. Kg2 Kd6 30. Kf3 Kd5 31. Ke3 Ra4 32. Rd1 Rb4 33.
Rd2 Rb3+ 34. Ke2 Rb4 1/2-1/2

[Event "XVII Festival A"]
[Site "Campobasso ITA"]
[Date "2010.07.23"]
[Round "3"]
[White "Consalvo, Gerardo"]
[Black "Sabia, Corrado"]
[Result "1/2-1/2"]
[WhiteElo "2002"]
[BlackElo "2212"]
[PlyCount "97"]
[EventDate "2010.07.23"]

1. e4 e5 2. Nf3 Nc6 3. Bc4 Bc5 4. O-O d6 5. c3 Bg4 6. d3 Qf6 7. b4 Bb6 8. a4 a5
9. b5 Nce7 10. Be3 h6 11. Nbd2 Ng6 12. Bb3 Nf4 13. Nc4 Nh3+ 14. Kh1 Ng5 15.
Ncd2 Ne7 16. Bxb6 cxb6 17. Qe2 Ng6 18. Qe3 Bxf3 19. Nxf3 Nxf3 20. gxf3 Nh4 21.
Rg1 g5 22. Rg3 Qd8 23. Rg4 Ng6 24. Bd5 Qc7 25. c4 Nf4 26. Rc1 O-O-O 27. d4 exd4
28. Qd2 Kb8 29. Rxf4 gxf4 30. Qxd4 Rhg8 31. Qf6 Rg6 32. Qxf4 Rf8 33. Qe3 Qc5
34. Qxc5 dxc5 35. Rg1 Kc7 36. Rg3 h5 37. Kg2 h4 38. Rg4 Kd6 39. h3 Rxg4+ 40.
fxg4 Ke5 41. Kf3 Kd4 42. Ke2 Kc3 43. f4 f6 44. Be6 Re8 45. Bd5 Kd4 46. Kf3 Re7
47. Ke2 Re8 48. Kf3 Re7 49. Ke2 1/2-1/2

[Event "XVII Festival A"]
[Site "Campobasso ITA"]
[Date "2010.07.23"]
[Round "3"]
[White "Cordi', Domenico"]
[Black "Cardone, Andrea"]
[Result "1-0"]
[WhiteElo "2047"]
[BlackElo "1890"]
[PlyCount "103"]
[EventDate "2010.07.23"]

1. d4 Nf6 2. c4 g6 3. Nc3 Bg7 4. e4 d6 5. f4 e5 6. dxe5 dxe5 7. Qxd8+ Kxd8 8.
fxe5 Ng4 9. Bg5+ f6 10. Rd1+ Ke8 11. exf6 Bxf6 12. Bxf6 Nxf6 13. e5 Ng4 14. Nd5
Na6 15. c5 c6 16. Bxa6 cxd5 17. Bb5+ Ke7 18. Nf3 Be6 19. Ke2 Rac8 20. Rc1 Bd7
21. Bxd7 Kxd7 22. h3 Nh6 23. Kd3 Rhf8 24. Rhe1 Rce8 25. b4 Rf4 26. a3 Nf5 27.
Rcd1 h6 28. Kc3 Ke6 29. Rd3 Rd8 30. g3 Rc4+ 31. Kb3 g5 32. g4 Nh4 33. Nd4+ Rxd4
34. Rxd4 Nf3 35. Rdd1 Nxe1 36. Rxe1 Rf8 37. b5 Rf3+ 38. Kb2 d4 39. c6 bxc6 40.
bxc6 Rc3 41. Rc1 Rxh3 42. c7 Rc3 43. c8=Q+ Rxc8 44. Rxc8 Kxe5 45. Rc6 Kf4 46.
Rxh6 Kxg4 47. Kc2 Kf3 48. Kd3 g4 49. Ra6 g3 50. Rxa7 g2 51. Rg7 Kf2 52. a4 1-0

[Event "XVII Festival A"]
[Site "Campobasso ITA"]
[Date "2010.07.24"]
[Round "3"]
[White "Gerardi, Saverio"]
[Black "Collutiis, Duilio"]
[Result "1-0"]
[WhiteElo "2193"]
[BlackElo "2438"]
[PlyCount "113"]
[EventDate "2010.07.23"]

1. e4 e5 2. Nc3 Nf6 3. Nf3 Nc6 4. Bb5 Bd6 5. d4 exd4 6. Nxd4 Nxd4 7. Qxd4 Qe7
8. O-O c6 9. Bc4 Be5 10. Qd3 b5 11. Bb3 a5 12. a3 Ba6 13. Nd1 O-O 14. f4 b4 15.
fxe5 Bxd3 16. exf6 Qxe4 17. cxd3 Qxd3 18. Rf3 Qe4 19. fxg7 Kxg7 20. Be3 a4 21.
Nf2 Qxf3 22. gxf3 axb3 23. Bc5 Rfb8 24. a4 Ra5 25. Nd3 Rba8 26. Bxb4 Rxa4 27.
Bc3+ Kf8 28. Rxa4 Rxa4 29. Nc5 Rc4 30. Nxb3 Ke7 31. Kf2 d5 32. Na5 Rh4 33.
Nxc6+ Kd6 34. Kg3 Ra4 35. Nd4 Kc5 36. Nf5 Ra6 37. Kf4 Re6 38. h4 Kc4 39. Be5
Kd3 40. h5 Rb6 41. Bc3 Re6 42. Nd4 Rh6 43. Kg5 Ra6 44. Nf5 Re6 45. f4 Ke4 46.
Be5 Kd3 47. Kg4 Ke4 48. Nd6+ Ke3 49. Nxf7 d4 50. Ng5 d3 51. Bc3 Rc6 52. Nf3 Rc8
53. Ne5 d2 54. Bxd2+ Kxd2 55. f5 Ke3 56. f6 Ke4 57. Nd7 1-0

[Event "XVII Festival A"]
[Site "Campobasso ITA"]
[Date "2010.07.24"]
[Round "3"]
[White "Lattanzio, Savino"]
[Black "Galasso, Luigi"]
[Result "1/2-1/2"]
[WhiteElo "2061"]
[BlackElo "2024"]
[PlyCount "58"]
[EventDate "2010.07.23"]

1. e4 Nf6 2. e5 Nd5 3. d4 d6 4. Nf3 dxe5 5. Nxe5 c6 6. Bc4 Nd7 7. O-O Nxe5 8.
dxe5 Bf5 9. Qe2 e6 10. Rd1 Qc7 11. Bd3 Bg6 12. Bxg6 hxg6 13. c4 Nb6 14. Nc3 Nd7
15. Bf4 O-O-O 16. Rd3 Be7 17. Rad1 Nc5 18. Rxd8+ Rxd8 19. Kf1 Rxd1+ 20. Qxd1
Qd8 21. Ke2 Qxd1+ 22. Nxd1 Nd7 23. Bg3 g5 24. Nc3 f6 25. exf6 gxf6 26. h4 gxh4
27. Bxh4 Kd8 28. f4 f5 29. Bf2 b6 1/2-1/2

[Event "XVII Festival A"]
[Site "Campobasso ITA"]
[Date "2010.07.24"]
[Round "3"]
[White "Mazzarella, Antonio"]
[Black "Mazza, Daniele"]
[Result "1-0"]
[WhiteElo "2018"]
[BlackElo "1836"]
[PlyCount "131"]
[EventDate "2010.07.23"]

1. Nf3 c5 2. c4 Nc6 3. Nc3 Nf6 4. d4 cxd4 5. Nxd4 Nxd4 6. Qxd4 g6 7. e4 d6 8.
Be2 Bg7 9. O-O O-O 10. Qd3 a6 11. Rd1 Qc7 12. Bg5 Be6 13. Rac1 Rac8 14. b3 h6
15. Be3 Ng4 16. Bxg4 Bxg4 17. Nd5 Qd8 18. f3 Be6 19. Bd4 Bxd4+ 20. Qxd4 Rc5 21.
Qe3 Kh7 22. b4 Rc6 23. c5 Bxd5 24. exd5 Rc7 25. c6 bxc6 26. dxc6 Qb8 27. Qe4
Qb6+ 28. Kh1 Rfc8 29. h4 h5 30. a3 a5 31. Qc4 Kg8 32. b5 Kf8 33. a4 Ke8 34. Qc3
f6 35. Qd2 Kf7 36. Re1 Kg7 37. Qe3 Qxe3 38. Rxe3 Rb8 39. Rxe7+ Rxe7 40. c7 Rc8
41. b6 Kf7 42. b7 Ree8 43. bxc8=Q Rxc8 44. Rc6 Ke7 45. Ra6 Rxc7 46. Rxa5 Rc1+
47. Kh2 Ra1 48. g4 hxg4 49. fxg4 Ra3 50. h5 gxh5 51. gxh5 f5 52. Rxf5 Rxa4 53.
Kg3 Ke6 54. Rf2 Ra7 55. Kg4 Rg7+ 56. Kh4 Rf7 57. Rg2 Rh7 58. Rg6+ Ke7 59. Kg5
d5 60. h6 d4 61. Ra6 Kf7 62. Rd6 d3 63. Rxd3 Ke6 64. Re3+ Kd7 65. Kg6 Rh8 66.
h7 1-0

[Event "XVII Festival A"]
[Site "Campobasso ITA"]
[Date "2010.07.23"]
[Round "3"]
[White "Mrdja, Milan"]
[Black "Georgiev, Vladimir"]
[Result "0-1"]
[WhiteElo "2372"]
[BlackElo "2586"]
[PlyCount "46"]
[EventDate "2010.07.23"]

1. e4 e5 2. Bc4 Nf6 3. d3 Nc6 4. Nf3 Bc5 5. O-O O-O 6. Re1 d6 7. c3 Bb6 8. Bb3
Ne7 9. Nbd2 c6 10. Nf1 Ng6 11. Ng3 h6 12. h3 d5 13. exd5 Nxd5 14. d4 exd4 15.
Nxd4 Ndf4 16. Qf3 Qf6 17. Ne4 Qe5 18. Be3 Nd3 19. Re2 Nh4 20. Qg3 Qxe4 21. Bd2
Nf5 22. Rxe4 Nxg3 23. Re3 Nxf2 0-1

[Event "XVII Festival A"]
[Site "Campobasso ITA"]
[Date "2010.07.24"]
[Round "3"]
[White "Paduano, Gennaro"]
[Black "Crafa, Carmine"]
[Result "1/2-1/2"]
[WhiteElo "1934"]
[BlackElo "1856"]
[PlyCount "115"]
[EventDate "2010.07.23"]

1. e4 e5 2. Nf3 Nc6 3. Bb5 a6 4. Ba4 Nf6 5. O-O Nxe4 6. d4 b5 7. Bb3 d5 8. dxe5
Be6 9. c3 Bc5 10. Nbd2 O-O 11. Bc2 Nxf2 12. Rxf2 f6 13. Nb3 Bxf2+ 14. Kxf2 fxe5
15. Kg1 Bg4 16. h3 Bxf3 17. gxf3 Kh8 18. Be3 Qh4 19. Kg2 Rad8 20. Qd2 Qh5 21.
Rf1 d4 22. cxd4 exd4 23. Bf4 Rd7 24. Be4 Rdf7 25. Bh2 Ne5 26. f4 Nc4 27. Qxd4
Qe2+ 28. Rf2 Ne3+ 29. Kg3 Qe1 30. Kf3 Nd1 31. Qd2 Qxf2+ 32. Qxf2 Nxf2 33. Kxf2
Re7 34. Nc5 Rfe8 35. Kf3 a5 36. f5 Re5 37. Bxe5 Rxe5 38. Ne6 b4 39. Kf4 Rb5 40.
Nxc7 Rc5 41. Ne6 Rc1 42. Nd4 Ra1 43. Bd5 Rb1 44. Nc6 Rxb2 45. Nxa5 Rh2 46. Kg4
Rd2 47. Be6 Rd4+ 48. Kg5 h6+ 49. Kg6 Rd3 50. Kf7 Rxh3 51. f6 Rf3 52. Nc6 Rxf6+
53. Ke7 Rf4 54. Ne5 Kh7 55. Bf7 Rf2 56. Bg6+ Kg8 57. Bf7+ Kh7 58. Bg6+ 1/2-1/2

[Event "XVII Festival A"]
[Site "Campobasso ITA"]
[Date "2010.07.24"]
[Round "3"]
[White "Pastore, Giuseppe"]
[Black "Di Lascio, Savino"]
[Result "0-1"]
[WhiteElo "1671"]
[BlackElo "1910"]
[PlyCount "106"]
[EventDate "2010.07.23"]

1. d4 Nf6 2. Nf3 b6 3. e3 Bb7 4. Bd3 g6 5. c3 Bg7 6. Nbd2 d6 7. Qe2 Nbd7 8. e4
e5 9. d5 O-O 10. O-O Re8 11. Ne1 Nh5 12. Ndf3 Nc5 13. Bc2 a5 14. a4 Qd7 15. b4
axb4 16. cxb4 Nxa4 17. b5 Nc3 18. Qc4 Rxa1 19. Bb2 Rxe1 20. Rxe1 Nxb5 21. Ba4
c6 22. Rc1 cxd5 23. Qxb5 Qxb5 24. Bxb5 Ra8 25. Rc7 dxe4 26. Ng5 Bd5 27. Bc6
Bxc6 28. Rxc6 d5 29. Rc7 d4 30. g3 Ra2 31. Bc1 Ra1 32. Rc8+ Bf8 33. Nxe4 Kg7
34. Kg2 Bb4 35. Rc7 h6 36. h4 Bc3 37. Bxh6+ Kxh6 38. Rxf7 Re1 39. Ng5 Ng7 40.
g4 e4 41. Rf8 Nf5 42. Rh8+ Kg7 43. Rh7+ Kg8 44. gxf5 gxf5 45. Rf7 Bd2 46. Rxf5
Bxg5 47. Rxg5+ Kh7 48. Rb5 d3 49. Rd5 b5 50. Kg3 b4 51. Kf4 b3 52. Rd7+ Kg6 53.
h5+ Kxh5 0-1

[Event "XVII Festival A"]
[Site "Campobasso ITA"]
[Date "2010.07.24"]
[Round "3"]
[White "Petruccioli, Antonio"]
[Black "Santeramo, Domenico"]
[Result "0-1"]
[WhiteElo "2113"]
[BlackElo "1905"]
[PlyCount "136"]
[EventDate "2010.07.23"]

1. e4 e6 2. b3 d5 3. Nc3 dxe4 4. Nxe4 Qd4 5. Nc3 Bc5 6. Qe2 Nf6 7. Nf3 Qd8 8.
Qb5+ Nbd7 9. d4 c6 10. Qd3 Bb4 11. a3 Qa5 12. Bd2 Nd5 13. Ne4 Bxd2+ 14. Nfxd2
Qc7 15. c4 N5f6 16. c5 Nxe4 17. Nxe4 O-O 18. Be2 b6 19. O-O e5 20. b4 a5 21.
Qg3 Ba6 22. Bxa6 Rxa6 23. Qd3 Rfa8 24. Ng5 Nf8 25. cxb6 Rxb6 26. dxe5 Qxe5 27.
f4 Qf6 28. Ne4 Qd8 29. Qxd8 Rxd8 30. bxa5 Ra6 31. Nc5 Raa8 32. Rac1 h6 33. a6
Rd6 34. Rf3 Rd2 35. Rb3 Ra2 36. f5 Rd2 37. g4 h5 38. gxh5 Rd5 39. Rf3 Nh7 40.
Kg2 Nf6 41. Rc4 Nxh5 42. a4 Nf6 43. Kh3 Ra7 44. Kh4 Kf8 45. Rff4 Ke7 46. Rf3
Kd6 47. Nb7+ Kd7 48. Rfc3 Rxa6 49. Nc5+ Rxc5 50. Rxc5 Rxa4+ 51. R3c4 Rxc4+ 52.
Rxc4 Kd6 53. Kg5 Kd5 54. Rc1 c5 55. h4 c4 56. h5 Kd4 57. h6 Nh7+ 58. Kf4 gxh6
59. Rd1+ Kc5 60. Rh1 Nf6 61. Rxh6 c3 62. Rh8 Kd4 63. Rd8+ Nd5+ 64. Kf3 c2 65.
Rc8 Nc3 66. Rd8+ Ke5 67. Re8+ Kxf5 68. Re1 Nd1 0-1

[Event "XVII Festival A"]
[Site "Campobasso ITA"]
[Date "2010.07.24"]
[Round "3"]
[White "Procacci, Sergio"]
[Black "Giacchetti, Lorenzo"]
[Result "1-0"]
[WhiteElo "2043"]
[BlackElo "1843"]
[PlyCount "77"]
[EventDate "2010.07.23"]

1. e4 c5 2. b4 cxb4 3. a3 d5 4. exd5 Qxd5 5. Nf3 e5 6. axb4 Bxb4 7. c3 Bc5 8.
d4 exd4 9. cxd4 Bb4+ 10. Bd2 Bxd2+ 11. Nbxd2 Qe6+ 12. Be2 Nf6 13. O-O O-O 14.
Nc4 Nbd7 15. Ng5 Qf5 16. Ra5 Nd5 17. h4 N7f6 18. Nd6 Qf4 19. Nxc8 Rfxc8 20. g3
Qd6 21. Bh5 g6 22. Bf3 b6 23. Ra1 a5 24. Nh3 Ra7 25. Qd2 Kg7 26. h5 h6 27. Rfe1
Rac7 28. hxg6 fxg6 29. Rac1 Qa3 30. Rxc7+ Rxc7 31. Bxd5 Nxd5 32. Nf4 Qf3 33.
Ne6+ Kf7 34. Nxc7 Nxc7 35. Qxh6 Nd5 36. Qh7+ Kf6 37. Qg8 Qb3 38. Re6+ Kg5 39.
Qxg6# 1-0

[Event "XVII Festival A"]
[Site "Campobasso ITA"]
[Date "2010.07.24"]
[Round "3"]
[White "Scagliarini, Bruno"]
[Black "Gatti, Francesco"]
[Result "1-0"]
[WhiteElo "1904"]
[BlackElo "1823"]
[PlyCount "62"]
[EventDate "2010.07.23"]

1. c4 Nf6 2. Nf3 g6 3. g3 Bg7 4. Bg2 O-O 5. d4 d6 6. O-O Nc6 7. Nc3 Nh5 8. d5
Ne5 9. Nxe5 dxe5 10. e4 Bd7 11. Be3 a6 12. Rc1 Qe8 13. c5 f5 14. d6 f4 15. gxf4
exf4 16. Bd4 e5 17. c6 Bxc6 18. Bc5 cxd6 19. Bxd6 Rd8 20. Qb3+ Rf7 21. Bb4 Kh8
22. Ba5 Rd3 23. Qc2 Rfd7 24. Nd5 f3 25. Bh3 Bxd5 26. exd5 Rd4 27. Bd2 Qd8 28.
Be3 Qh4 29. Be6 e4 30. Kh1 Be5 31. h3 Nf4 1-0

[Event "XVII Festival A"]
[Site "Campobasso ITA"]
[Date "2010.07.23"]
[Round "3"]
[White "Sellitti, Federico"]
[Black "Colucci, Stefano"]
[Result "1-0"]
[WhiteElo "2141"]
[BlackElo "1968"]
[PlyCount "57"]
[EventDate "2010.07.23"]

1. e4 c5 2. Nf3 d6 3. d4 cxd4 4. Nxd4 Nf6 5. Nc3 a6 6. Bg5 e6 7. f4 Be7 8. Qf3
Qc7 9. O-O-O Nbd7 10. Bd3 b5 11. Rhe1 Bb7 12. Qg3 b4 13. Nd5 Nxd5 14. exd5 Bxd5
15. Bxe7 Kxe7 16. Nxe6 Bxe6 17. f5 Ne5 18. fxe6 Kxe6 19. Qxg7 Rag8 20. Bf5+
Kxf5 21. Rf1+ Ke6 22. Qf6+ Kd7 23. Qxe5 Kc8 24. Qd5 Rf8 25. Rf4 Qd7 26. Qa8+
Kc7 27. Rc4+ Kb6 28. Rxb4+ Ka5 29. Qd5+ 1-0

[Event "XVII Festival A"]
[Site "Campobasso ITA"]
[Date "2010.07.24"]
[Round "3"]
[White "Sellitti, Luca"]
[Black "Fezza, Davide"]
[Result "0-1"]
[WhiteElo "1956"]
[BlackElo "2070"]
[PlyCount "90"]
[EventDate "2010.07.23"]

1. e4 c5 2. a3 g6 3. b4 Bg7 4. Nc3 d6 5. Nf3 Nf6 6. Rb1 O-O 7. d4 cxd4 8. Nxd4
Qb6 9. Be3 Ng4 10. Nd5 Nxe3 11. Nxe7+ Kh8 12. fxe3 Be6 13. Nd5 Qd8 14. Nf4 Nc6
15. Be2 Qe7 16. Ndxe6 Bc3+ 17. Kf2 fxe6 18. Kg1 g5 19. Nd3 d5 20. b5 Na5 21.
Nf2 Qf7 22. Bf3 Rad8 23. Qe2 d4 24. Bh5 Qg7 25. g3 dxe3 26. Nd3 Nc4 27. Kg2 Nd2
28. Rbd1 Rxd3 29. Qxd3 Rf2+ 30. Kg1 Bd4 31. c3 Bb6 32. Be2 g4 33. a4 Nf3+ 34.
Bxf3 gxf3 35. a5 Rg2+ 36. Kf1 e2+ 37. Ke1 Bf2+ 38. Kd2 exd1=Q+ 39. Kxd1 Qf6 40.
Qd7 Be3 41. Qc8+ Kg7 42. Qxb7+ Kh6 43. Qc6 Rd2+ 44. Ke1 f2+ 45. Kf1 Rd1+ 0-1

[Event "XVII Festival A"]
[Site "Campobasso ITA"]
[Date "2010.07.23"]
[Round "3"]
[White "Sengupta, Deep"]
[Black "Ljubisavljevic, Zivojin Z."]
[Result "1-0"]
[WhiteElo "2527"]
[BlackElo "2271"]
[PlyCount "93"]
[EventDate "2010.07.23"]

1. e4 c6 2. d4 d5 3. e5 Bf5 4. h4 h5 5. Bg5 Qb6 6. Bd3 Bxd3 7. Qxd3 e6 8. Nd2
c5 9. c4 Nc6 10. Ngf3 Nb4 11. Qb3 cxd4 12. O-O Ne7 13. Nxd4 Qxd4 14. Qxb4 Qb6
15. Qa4+ Qc6 16. Qb3 d4 17. Qd3 Nf5 18. Ne4 Be7 19. Bxe7 Kxe7 20. Rae1 Kf8 21.
Ng3 Nxh4 22. Re4 Ng6 23. Ne2 h4 24. Nxd4 Qd7 25. Rd1 Qe7 26. Nf3 h3 27. g3 Rh5
28. Rd4 h2+ 29. Kh1 Kg8 30. Rd8+ Rxd8 31. Qxd8+ Qxd8 32. Rxd8+ Kh7 33. g4 Rxe5
34. Nxe5 Nxe5 35. Rd4 g5 36. c5 Kg6 37. Rb4 Nd3 38. Rxb7 Nxc5 39. Rxa7 Nd3 40.
Kxh2 Nxf2 41. Kg3 Ne4+ 42. Kg2 f5 43. b4 Nc3 44. a4 Nd5 45. b5 Ne3+ 46. Kg1
Nxg4 47. b6 1-0

[Event "XVII Festival A"]
[Site "Campobasso ITA"]
[Date "2010.07.24"]
[Round "3"]
[White "Stromboli, Carlo"]
[Black "D'Aquino, Ugo"]
[Result "1-0"]
[WhiteElo "2285"]
[BlackElo "1653"]
[PlyCount "65"]
[EventDate "2010.07.23"]

1. e4 c5 2. Nf3 Nc6 3. d4 cxd4 4. Nxd4 Nf6 5. Nc3 e6 6. Ndb5 d6 7. Bf4 e5 8.
Bg5 a6 9. Na3 b5 10. Nd5 Be7 11. Bxf6 Bxf6 12. c3 Bg5 13. Nc2 O-O 14. a4 bxa4
15. Rxa4 a5 16. Bc4 Rb8 17. b3 Kh8 18. Nce3 g6 19. h4 Bxh4 20. g3 Bg5 21. f4
exf4 22. gxf4 Bh4+ 23. Kd2 Kg7 24. Kc1 Rh8 25. Ra2 Be6 26. Qg1 Bf6 27. Rg2 Kf8
28. Rgh2 Kg7 29. f5 Bxd5 30. Bxd5 Qc7 31. fxg6 fxg6 32. Nf5+ Kf8 33. Qxg6 1-0

[Event "XVII Festival A"]
[Site "Campobasso ITA"]
[Date "2010.07.23"]
[Round "3"]
[White "Stromboli, Ettore"]
[Black "Rusev, Krasimir"]
[Result "0-1"]
[WhiteElo "2259"]
[BlackElo "2543"]
[PlyCount "92"]
[EventDate "2010.07.23"]

1. e4 d6 2. d4 Nf6 3. Nc3 e5 4. Nf3 Nbd7 5. g4 Nxg4 6. Rg1 Ngf6 7. Bc4 h6 8.
Be3 c6 9. dxe5 dxe5 10. Qd3 b5 11. Bb3 Qa5 12. O-O-O Ba6 13. Nb1 c5 14. Bd5 Rd8
15. Bc6 b4 16. Qb3 Qc7 17. Qa4 Be2 18. Nbd2 Bxd1 19. Rxd1 Be7 20. Rg1 Kf8 21.
Nc4 Nb6 22. Nxb6 axb6 23. Nd2 Kg8 24. Bb5 Kh7 25. Qb3 Rhf8 26. Bc4 Bd6 27. Qd3
g6 28. f3 Nh5 29. Qf1 Be7 30. Qg2 Qd6 31. Bd3 Qf6 32. Kb1 Nf4 33. Bxf4 Qxf4 34.
Nb3 h5 35. Bc4 Rd6 36. Bd5 Rfd8 37. Nc1 Rxd5 38. exd5 Rxd5 39. Nd3 Qf5 40. Qe2
c4 41. Nf2 Bc5 42. Rf1 Bxf2 43. Qxf2 b3 44. Rc1 b5 45. axb3 cxb3 46. Qa7 Rd4
0-1

[Event "XVII Festival A"]
[Site "Campobasso ITA"]
[Date "2010.07.24"]
[Round "3"]
[White "Vena, Alessio"]
[Black "Bocci, Alessandro"]
[Result "0-1"]
[WhiteElo "1900"]
[BlackElo "1961"]
[PlyCount "78"]
[EventDate "2010.07.23"]

1. e4 c5 2. c3 d5 3. exd5 Qxd5 4. d4 Nc6 5. Nf3 e5 6. dxe5 Qxd1+ 7. Kxd1 Bg4 8.
h3 Bxf3+ 9. gxf3 O-O-O+ 10. Kc2 Nxe5 11. Bf4 Bd6 12. Nd2 f5 13. Bxe5 Bxe5 14.
Nc4 Bc7 15. Re1 Nf6 16. Bd3 g6 17. Ne5 Rhe8 18. Nf7 Rxe1 19. Rxe1 Re8 20. Rd1
Re7 21. Bc4 b5 22. Nd6+ Bxd6 23. Rxd6 bxc4 24. Rxf6 Re2+ 25. Kc1 Rxf2 26. Rc6+
Kd7 27. Rxc5 Rxf3 28. Rxc4 Rxh3 29. Ra4 Rh2 30. Rxa7+ Kc6 31. Rf7 Kb5 32. Kb1
h5 33. Rf6 Rg2 34. Rf8 h4 35. Rb8+ Kc6 36. a4 h3 37. Rh8 h2 38. Ka2 f4 39. Ka3
f3 0-1